Atomic bomb cinema : the apocalyptic imagination on film (Record no. 375337)

MARC details
000 -LEADER
fixed length control field 00820nam a2200229Ia 4500
008 - FIXED-LENGTH DATA ELEMENTS--GENERAL INFORMATION
fixed length control field 191130s2002##################000#0#eng##
020 ## - INTERNATIONAL STANDARD BOOK NUMBER
ISBN 9780415936590
082 ## - DEWEY DECIMAL CLASSIFICATION NUMBER
Classification number 791.43658 SHA
100 ## - MAIN ENTRY--AUTHOR NAME
Personal name Shapiro, Jerome F
245 ## - TITLE STATEMENT
Title Atomic bomb cinema : the apocalyptic imagination on film
Statement of responsibility, etc Jerome F. Shapiro
260 ## - PUBLICATION, DISTRIBUTION, ETC. (IMPRINT)
Place of publication New York
Name of publisher Routledge
Year of publication 2002
300 ## - PHYSICAL DESCRIPTION
Number of Pages x, 386 p. : ill. ; 24 cm
500 ## - GENERAL NOTE
General note Includes bibliographical references (p. 351-357) and index. Filmography: p. 359-378
650 ## - SUBJECT ADDED ENTRY--TOPICAL TERM
Topical Term Motion pictures - Japan - History
Topical Term Motion pictures - United States - History
Topical Term Nuclear warfare in motion pictures
Topical Term Science fiction films - History and criticism
991 ## -
-- 362768
Holdings
Withdrawn status Lost status Damaged status Not for loan Home library Current library Shelving location Date acquired Full call number Accession Number Price effective from Koha item type
        Anna Centenary Library Anna Centenary Library 6TH FLOOR, B WING 17.10.2020 791.43658 SHA 288046 17.10.2020 English Books

Find us on the map